书目信息 |
| 题名: |
中国古代边塞诗史
|
|
| 作者: | 任文京 著 | |
| 分册: | 先秦——唐 | |
| 出版信息: | 北京 人民出版社 2010.03 |
|
| 页数: | 319页 | |
| 开本: | 21cm | |
| 丛书名: | ||
| 单 册: | ||
| 中图分类: | I207.209 | |
| 科图分类: | ||
| 主题词: | 诗歌史 , 边塞诗派--诗歌史--中国--古代 , 边塞诗派 | |
| 电子资源: | ||
| ISBN: | 978-7-01-008742-9 | |
| 000 | 00950nam0 2200277 450 | |
| 001 | 1241304071 | |
| 005 | 20120105141042.28 | |
| 010 | @a978-7-01-008742-9@dCNY24.00 | |
| 090 | @aI207.209@brwj | |
| 096 | @aI207.209@brwj | |
| 100 | @a20100607d2010 em y0chiy50 ea | |
| 101 | 0 | @achi |
| 102 | @aCN@b110000 | |
| 105 | @ay z 000gy | |
| 200 | 1 | @a中国古代边塞诗史@i先秦——唐@b专著@f任文京著@9zhong guo gu dai bian sai shi shi |
| 210 | @a北京@c人民出版社@d2010.03 | |
| 215 | @a319页@d21cm | |
| 300 | @a河北省哲学社会科学规划研究项目 河北省教育厅学术著作资助项目 | |
| 330 | @a本书从史的角度论述先秦至唐代边塞诗的发展历程,对边塞诗人及其诗歌进行综合性研究,探讨边塞诗发展演变的特点和规律,重点分析大家作品。 | |
| 606 | 0 | @a诗歌史 |
| 606 | 0 | @a边塞诗派@x诗歌史@y中国@z古代 |
| 606 | 0 | @a边塞诗派 |
| 690 | @aI207.209@v4 | |
| 701 | 0 | @a任文京@f(1955.10~)@4著@9ren wen jing |
| 801 | 0 | @aCN@b110120@c20100602 |
| 905 | @aZUCC@dI207.209@eR552 | |
| 中国古代边塞诗史.先秦——唐/任文京著.-北京:人民出版社,2010.03 |
| 319页;21cm |
| 河北省哲学社会科学规划研究项目 河北省教育厅学术著作资助项目 |
| ISBN 978-7-01-008742-9:CNY24.00 |
| 本书从史的角度论述先秦至唐代边塞诗的发展历程,对边塞诗人及其诗歌进行综合性研究,探讨边塞诗发展演变的特点和规律,重点分析大家作品。 |
| ● |
| 相关链接 |
|
|
|
正题名:中国古代边塞诗史
索取号:I207.209/R552
 
预约/预借
| 序号 | 登录号 | 条形码 | 馆藏地/架位号 | 状态 | 备注 |
| 1 | 467852 | 204678526 | 文学库108/108文学库 7排2列3层/ [索取号:I207.209/R552] | 在馆 | |
| 2 | 479859 | 204798594 | 文学库108/108文学库 7排2列4层/ [索取号:I207.209/R552] | 在馆 | |
| 3 | 479907 | 204799076 | 文学库108/108文学库 7排2列3层/ [索取号:I207.209/R552] | 在馆 |